Gender glossary : (Record no. 4761)
[ view plain ]
| 000 -LEADER | |
|---|---|
| fixed length control field | 00650nam a2200253Ia 4500 |
| 001 - CONTROL NUMBER | |
| control field | 4761 |
| 003 - CONTROL NUMBER IDENTIFIER | |
| control field | BD-DhEWU |
| 005 - DATE AND TIME OF LATEST TRANSACTION | |
| control field | 20140717130056.0 |
| 008 - FIXED-LENGTH DATA ELEMENTS--GENERAL INFORMATION | |
| fixed length control field | 060321s2001 bg g 000 0 eng d |
| 035 ## - SYSTEM CONTROL NUMBER | |
| System control number | (OCoLC) |
| 040 ## - CATALOGING SOURCE | |
| Original cataloging agency | BD-DhEWU |
| Modifying agency | BD-DhEWU |
| Language of cataloging | eng |
| Transcribing agency | BD-DhEWU |
| 041 ## - LANGUAGE CODE | |
| Language code of text/sound track or separate title | ENG |
| 082 04 - DEWEY DECIMAL CLASSIFICATION NUMBER | |
| Classification number | 305.3 |
| Item number | GEN |
| 110 ## - MAIN ENTRY--CORPORATE NAME | |
| Corporate name or jurisdiction name as entry element | World food program,, |
| 9 (RLIN) | 7270 |
| 245 10 - TITLE STATEMENT | |
| Title | Gender glossary : |
| Remainder of title | list of terms in alphabetic order |
| 260 ## - PUBLICATION, DISTRIBUTION, ETC. (IMPRINT) | |
| Place of publication, distribution, etc | Beijin : |
| Name of publisher, distributor, etc | World food program, |
| Place of publication, distribution, etc | Dhaka |
| Name of publisher, distributor, etc | Photocopy |
| Date of publication, distribution, etc | 2006 |
| 300 ## - PHYSICAL DESCRIPTION | |
| Extent | 72 p. |
| Dimensions | 29 cm |
| 526 ## - STUDY PROGRAM INFORMATION NOTE | |
| Program name | Sociology |
| 590 ## - LOCAL NOTE (RLIN) | |
| Local note | Tahur Ahmed |
| 653 #1 - INDEX TERM--UNCONTROLLED | |
| Uncontrolled term | Man and women |
| 942 ## - ADDED ENTRY ELEMENTS (KOHA) | |
| Koha item type | Text |
| Source of classification or shelving scheme | Dewey Decimal Classification |
| 953 ## - Fulltext in GSDL | |
| Is Fulltext Available in GSDL? | Not Avaialable |
| Withdrawn status | Lost status | Source of classification or shelving scheme | Damaged status | Not for loan | Collection code | Home library | Current library | Shelving location | Date acquired | Source of acquisition | Cost, normal purchase price | Total Checkouts | Full call number | Barcode | Copy number | Koha item type |
|---|---|---|---|---|---|---|---|---|---|---|---|---|---|---|---|---|
| Dewey Decimal Classification | Not For Loan | Non-fiction | Dr. S. R. Lasker Library, EWU | Dr. S. R. Lasker Library, EWU | Reserve Section | 21/03/2006 | Bangaldesh Photostat | 219.00 | 305.3 GEN 2001 | 17520 | C-1 | Text | ||||
| Dewey Decimal Classification | Non-fiction | Dr. S. R. Lasker Library, EWU | Dr. S. R. Lasker Library, EWU | Circulation Section | 21/03/2006 | Bangaldesh Photostat | 219.00 | 305.3 GEN 2001 | 17521 | C-2 | Text |